000
00229nam a22000857a 4500
008
160630b xxu||||| |||| 00| 0 eng d
100
_9
1592
_a
Sarna, C.S., et al
245
_a
New Course Secondary Mathematics
260
_a
N.D
_b
Arya
_c
2005
999
_c
1320
_d
1320